000 00745cab a2200241 4500
001 WB3312-03
008 090401t1997 xxu||||| |||| 00| 0 eng d
035 _a(Sirsi) u77227
041 _aeng
245 _aRadon consultation
260 _c1997
350 _a0
490 _aDoE News Release
_v(155) 17 March 1997, (3)
520 _aThe DoE has issued a consultation paper setting out draft revised guidance for identifying and dealing with areas affected by radon. Responses by 31 May 1997.
650 _aBUILDING REGULATIONS
_96224
650 _aCONSULTATION PAPER
650 _aGUIDANCE
650 _aRADIOACTIVE GAS
650 _aRADON
690 _aBUILDING AND CONSTRUCTION-REGULATIONS
942 _n0
948 _c19/03/1997
999 _c48548
_d48548